ফ্যাক্টস এন্ড ডকুমেন্টস : (Record no. 40408)
[ view plain ]
| 000 -LEADER | |
|---|---|
| fixed length control field | 01319nam a2200277 a 4500 |
| 001 - CONTROL NUMBER | |
| control field | 40408 |
| 003 - CONTROL NUMBER IDENTIFIER | |
| rucl marc code | BD-RjUL |
| 005 - DATE AND TIME OF LATEST TRANSACTION | |
| control field | 20211209053215.0 |
| 008 - FIXED-LENGTH DATA ELEMENTS--GENERAL INFORMATION | |
| fixed length control field | 160430r19961994bg |||| |||| 00| 0 ben d |
| 020 ## - INTERNATIONAL STANDARD BOOK NUMBER | |
| Terms of availability | : Tk. 120.00 (White) |
| 035 ## - SYSTEM CONTROL NUMBER | |
| System control number | (BD-RjUL)40523 |
| 040 ## - CATALOGING SOURCE | |
| Original cataloging agency | BD-RjUL |
| Language of cataloging | eng |
| Transcribing agency | BD-RjUL |
| 041 ## - LANGUAGE CODE | |
| Language code of text/sound track or separate title | eng |
| 082 ## - DEWEY DECIMAL CLASSIFICATION NUMBER | |
| Edition number | 23 |
| Classification number | 954.92 |
| Author mark and year | SAF 1996 |
| 100 ## - MAIN ENTRY--PERSONAL NAME | |
| Personal name | সাইয়িদ, আবু |
| 9 (RLIN) | 124475 |
| 245 10 - TITLE STATEMENT | |
| Title | ফ্যাক্টস এন্ড ডকুমেন্টস : |
| Remainder of title | বঙ্গবন্ধু হত্যাকান্ড / |
| Statement of responsibility, etc. | আবু সাইয়িদ |
| 250 ## - EDITION STATEMENT | |
| Edition statement | ৪র্থ সং. |
| 260 ## - PUBLICATION, DISTRIBUTION, ETC. (IMPRINT) | |
| Place of publication, distribution, etc. | ঢাকা : |
| Name of publisher, distributor, etc. | জ্ঞানকোষ, |
| Date of publication, distribution, etc. | ১৯৯৪ [পুনমুর্দ্রণ ১৯৯৬] |
| 300 ## - PHYSICAL DESCRIPTION | |
| Pagination | ৩৪৮ পৃ. ; |
| Size | ২১ সেমি. |
| 500 ## - GENERAL NOTE | |
| General note | "অমর একুশে গ্রন্থমেলা '৯৪" |
| 600 ## - SUBJECT ADDED ENTRY--PERSONAL NAME | |
| Personal name | রহমান, শেখ মুজিবুর |
| Dates associated with a name | ১৯২০-১৯৭৫ খ্রিষ্টাব্দ |
| General subdivision | হত্যা |
| Personal name | Rahman, Sheikh Mujibur |
| Dates associated with a name | 1920-1975 A. D. |
| General subdivision | Assassination. |
| 651 ## - SUBJECT ADDED ENTRY--GEOGRAPHIC NAME | |
| Geographic name | বাংলাদেশ |
| General subdivision | রাজনীতি এবং সরকার |
| Chronological subdivision | ১৯৭১- |
| 9 (RLIN) | 248518 |
| Geographic name | Bangladesh |
| General subdivision | Politics and government |
| Chronological subdivision | 1971- |
| 9 (RLIN) | 248519 |
| 942 ## - ADDED ENTRY ELEMENTS (KOHA) | |
| Source of classification or shelving scheme | Dewey Decimal Classification |
| Koha item type | Books |
| Lost status | Source of classification or shelving scheme | Damaged status | Not for loan | Collection code | Permanent Location | Current Location | Shelving location | Date acquired | Source of acquisition | Cost, normal purchase price | Total Checkouts | Full call number | Date last seen | Date checked out | Copy number | Koha item type |
|---|---|---|---|---|---|---|---|---|---|---|---|---|---|---|---|---|
| Dewey Decimal Classification | Non-fiction | Central Library, University of Rajshahi | Central Library, University of Rajshahi | 20/03/1997 | Progressiv Book Corner | 120.00 | 1 | B 954.92 SAF 1996 | 22/05/2017 | 06/05/2017 | C-2 | Books |